| 000 | 00710nam a2200181 a 4500 | ||
|---|---|---|---|
| 003 | 0 | ||
| 005 | 20250211092826.0 | ||
| 008 | 130126s19uu xx 00 eng d | ||
| 050 |
_aPHS DS 666.M36.P39 _b.S158 2012 |
||
| 100 | _aSakaluran, Prince Raden. | ||
| 245 |
_aThe contribution of Datu Pax Mangudadatu to the improvement of literacy rate in Sultan Kudarat / _cPrince Raden Sakaluran. |
||
| 260 |
_aLas PiƱas City, Philippines : _bSouthville International School and Colleges, _c2012. |
||
| 300 |
_a22 pages ; _c28 cm. |
||
| 504 | _aIncludes bibliographical references. | ||
| 600 |
_aMangudadatu, Pax _xEducational policy. |
||
| 650 |
_aSultan Kudarat (Philippines) _xEducation policy. |
||
| 942 |
_2lcc _cPASS |
||
| 999 |
_c98856 _d98856 |
||